Král Mečů /

Main Author: Moorcock, Michael, 1939-
Other Authors: Plášil, Stanislav
Language: Czech
Published: Plzeň : Laser, 1994
Edition: 1. vyd.
Physical Description: 151 s.
Book
Saved in:
LEADER 00893nam a2200289 a 4500
001 000005361
003 CZ BrMZK
005 20211202120649.0
007 ta
008 010907s1994 xr e cze d
015 |a cnb000088658 
020 |a 80-85601-68-0  |c 45.00 
040 |a BOA001  |b cze 
080 |a (0:82-312.9)  |2 MRF 
080 |a 821.111-31  |2 MRF 
100 1 |a Moorcock, Michael,  |d 1939-  |7 jn20000604071 
245 1 0 |a Král Mečů /  |c Překl. Stanislav Plášil 
250 |a 1. vyd. 
260 |a Plzeň :  |b Laser,  |c 1994 
300 |a 151 s. 
655 7 |a anglické romány  |7 fd131814  |2 czenas 
655 7 |a fantasy romány  |7 fd184199  |2 czenas 
700 1 |a Plášil, Stanislav  |7 jx20031223008 
765 0 |t <<The >>King of the Swords 
910 |a BOA001  |b 2-1002.891 
990 |a BK 
996 6 |b 2610013658  |c 2-1002.891  |l MZK  |r Sklad / do 1 hodiny  |n 24  |p p.v.  |w 000005361  |u 000010  |a 1  |e BOA001  |j MZK50  |s P